| 000 | 01035cam a2200325 a 4500 | ||
|---|---|---|---|
| 001 | 3856828 | ||
| 005 | 20260223143455.0 | ||
| 008 | 880901r19881962nyuabf b 001 0 eng | ||
| 010 | _a 88029330 | ||
| 020 | _a9780241968215 | ||
| 040 |
_aaue _caue _daue _erda |
||
| 041 | _aeng | ||
| 050 | 0 | 0 |
_aD530 _b.T8 2014 |
| 100 | 1 | _aTuchman, Barbara W. | |
| 245 | 1 | 4 |
_aThe guns of August : _cThe classic Bestselling account of the outbreak of the first world war/ _bBarbara W. Tuchman. |
| 264 | 1 |
_aLondon : _bPenguin Books, _c2014. |
|
| 300 |
_a566 pages: _c20 cm. |
||
| 336 |
_atext _btxt _2rdacontent |
||
| 337 |
_aunmediated _bn _2rdamedia |
||
| 338 |
_avolume _bnc _2rdacarrier |
||
| 500 | _aOriginally published in 1962. | ||
| 504 | _aIncludes bibliographical references and index. | ||
| 586 | _aPulitzer Prize for General Nonfiction, 1963. | ||
| 650 | 0 |
_aWorld War, 1914-1918 _xCampaigns _zWestern Front. |
|
| 650 | 0 | _aWorld War, 1914-1918 | |
| 650 | 0 | _xEurope | |
| 650 | 0 | _aHistory | |
| 942 |
_2lcc _n0 _cBK |
||
| 999 |
_c30500 _d30500 |
||